[Event "Mumbai Wealth U13 op 5th"]
[Site "Mumbai"]
[Date "2020.01.07"]
[Round "9"]
[White "Anirudh, Satish"]
[Black "Aastha, Turankar"]
[Result "0-1"]
[WhiteElo "1055"]
[BlackElo "1251"]
[PlyCount "126"]
[EventDate "2019.12.30"]
[EventType "swiss"]
[EventRounds "9"]
[EventCountry "IND"]
[SourceTitle "CBM 194 Extra"]
[Source "ChessBase"]
[SourceDate "2020.03.31"]
[SourceVersion "1"]
[SourceVersionDate "2020.03.31"]
[SourceQuality "1"]

1. e4 e5 2. Nf3 Nc6 3. Bc4 Bc5 4. Nc3 Nf6 5. d3 h6 6. Be3 Bb6 7. Qd2 d6 8. h3 Be6 9. Bb3 d5 10. exd5 Nxd5 11. Bxb6 axb6 12. 0-0-0 0-0 13. Rde1 Nxc3 14. Qxc3 Bxb3 15. Qxb3 Nd4 16. Nxd4 Qxd4 17. f3 Ra5 18. Kb1 Rfa8 19. a3 c6 20. Qc4 Qd6 21. Qc3 f6 22. Re4 b5 23. Kc1 c5 24. Kd2 b6 25. Rhe1 Rd8 26. b4 Ra7 27. bxc5 Qxc5 28. Ra1 Rda8 29. Rb4 Qxc3+ 30. Kxc3 Rxa3+ 31. Rxa3 Rxa3+ 32. Rb3 Ra5 33. d4 Kf7 34. dxe5 fxe5 35. Kd3 Ke6 36. c4 bxc4+ 37. Kxc4 b5+ 38. Kc3 Ra2 39. Rxb5 Rxg2 40. Kd3 Kf5 41. Rb7 Rg3 42. Ke3 g5 43. Rf7+ Ke6 44. Ra7 Rxh3 45. Ra6+ Kf5 46. Ra4 h5 47. Kf2 g4 48. Kg2 Rxf3 49. Ra1 Kf4 50. Ra4+ Kg5 51. Ra5 Rf5 52. Rb5 e4 53. Rb4 Re5 54. Kf2 e3+ 55. Ke2 Kh4 56. Ke1 e2 57. Rb2 g3 58. Rxe2 Rxe2+ 59. Kxe2 g2 60. Kf2 Kh3 61. Kg1 h4 62. Kf2 Kh2 63. Kf3 g1Q 0-1